000
00287nam a2200133Ia 4500
008
231129s1980||||xx |||||||||||||| ||spa||
040
_b
spa
082
_a
B869 F478c
100
_a
Filho Adonias
245
0
_a
Cuerpo vivo
260
_c
1980
264
_a
Sudamericana
942
_2
ddc
_c
BKS
999
_c
8554
_d
8554